[Event "4NCL/Div4/SXM vs. PONTY"]
[Site "West Bromwich ENG"]
[Date "2003.11.23"]
[Round "2.2"]
[White "Davies, Peter L"]
[Black "Fraser, Joe"]
[Result "1-0"]
[WhiteElo "2042"]
[BlackElo "1576"]
[PlyCount "55"]
[EventDate "2003.11.23"]

1. e4 c5 2. Nf3 Nc6 3. c3 d5 4. exd5 Qxd5 5. d4 e5 6. dxe5 Qxd1+ 7. Kxd1 Bg4 8.
Bf4 O-O-O+ 9. Kc1 Nge7 10. Nbd2 Ng6 11. Bg3 Re8 12. Bb5 Bd7 13. Nc4 h5 14. h4
Ncxe5 15. Ncxe5 Bxb5 16. Nxf7 Rg8 17. Re1 Rxe1+ 18. Nxe1 Be7 19. Nf3 Be2 20.
N3g5 Bxg5+ 21. Nxg5 Rd8 22. Kc2 Bg4 23. Re1 b6 24. f3 Bf5+ 25. Kc1 Rd7 26. Ne4
Kd8 27. Nd6 Ne7 28. Bf4 1-0

[Event "4NCL/Div4/SXM vs. PONTY"]
[Site "West Bromwich ENG"]
[Date "2003.11.23"]
[Round "2.3"]
[White "Eichner, Daniel"]
[Black "James, Dai"]
[Result "1-0"]
[WhiteElo "1544"]
[BlackElo "2024"]
[PlyCount "77"]
[EventDate "2003.11.23"]

1. e4 e6 2. d4 d5 3. exd5 exd5 4. Nf3 Nf6 5. Nc3 c6 6. a3 Bd6 7. Bg5 O-O 8. Be2
Bg4 9. O-O Nbd7 10. h3 Bh5 11. Re1 Qc7 12. Qd2 h6 13. Be3 Bg6 14. Nh4 Bh7 15.
Bd3 Ne4 16. Bxe4 dxe4 17. g3 f5 18. Ng2 Nf6 19. Bf4 Rad8 20. Rad1 Bg6 21. Bxd6
Qxd6 22. Nf4 Bf7 23. Nce2 b6 24. Ng2 Kh7 25. Qf4 Qxf4 26. Nexf4 g5 27. Ne2 Bh5
28. Rd2 c5 29. c3 cxd4 30. Nxd4 Bf7 31. Red1 Rd5 32. Ne3 Bh5 33. Nxd5 Nxd5 34.
Ne2 e3 35. Rxd5 Bxe2 36. Re1 Bf3 37. Rd7+ Kg6 38. Rxe3 g4 39. Re6+ 1-0

[Event "4NCL/Div4/SXM vs. PONTY"]
[Site "West Bromwich ENG"]
[Date "2003.11.23"]
[Round "2.4"]
[White "Jones, Derek C"]
[Black "Richardson, Joe"]
[Result "0-1"]
[WhiteElo "1944"]
[BlackElo "1536"]
[PlyCount "112"]
[EventDate "2003.11.23"]

1. e4 e5 2. Nf3 Nc6 3. Bb5 a6 4. Ba4 Nf6 5. O-O b5 6. Bb3 d6 7. Ng5 d5 8. exd5
Nd4 9. Qe1 Bd6 10. f4 Qe7 11. fxe5 Bxe5 12. Nxf7 Nxb3 13. axb3 Kxf7 14. Qh4
Qc5+ 15. Kh1 Qxd5 16. Nc3 Bxc3 17. dxc3 Bb7 18. Qg3 Rhe8 19. Qxc7+ Re7 20. Qg3
Re2 21. Rg1 Nh5 22. Qg4 Rae8 23. Bg5 Nf6 24. Bxf6 gxf6 25. Rad1 Qe4 26. Rd7+
Re7 27. Qh5+ Qg6 28. Rxe7+ Rxe7 29. Qd1 Be4 30. c4 h5 31. cxb5 h4 32. h3 axb5
33. c4 Qg3 34. Qg4 Qxg4 35. hxg4 bxc4 36. bxc4 Rb7 37. Kh2 Rxb2 38. Kh3 Rc2 39.
Kxh4 Bxg2 40. Kh5 Be4 41. Kh4 Rxc4 42. Kh3 Kg6 43. Kh4 Bf3 44. Kh3 Kg5 45. Ra1
Bxg4+ 46. Kg3 f5 47. Ra5 Rc3+ 48. Kg2 Bf3+ 49. Kf2 Be4 50. Ra7 Kf4 51. Rh7 Rc2+
52. Kg1 Ke3 53. Rh3+ Bf3 54. Rh8 Rc1+ 55. Kh2 Rh1+ 56. Kg3 f4# 0-1

[Event "4NCL/Div4/SXM vs. PONTY"]
[Site "West Bromwich ENG"]
[Date "2003.11.23"]
[Round "2.5"]
[White "Fraser, A Scott"]
[Black "White, Ian G"]
[Result "0-1"]
[WhiteElo "1096"]
[BlackElo "2018"]
[PlyCount "106"]
[EventDate "2003.11.23"]

1. d4 f5 2. Bf4 d6 3. e3 Nf6 4. h3 g6 5. Nf3 Bg7 6. c4 O-O 7. Nc3 c6 8. Bd3
Nbd7 9. O-O Qe8 10. Qb3 h6 11. c5+ d5 12. Ne5 Ne4 13. Rad1 Nexc5 14. dxc5 Nxe5
15. Bb1 Nf7 16. Qc2 e5 17. Bh2 Qe7 18. Ne2 Nd8 19. a3 e4 20. Nf4 Qf6 21. b4 Nf7
22. Kh1 Ne5 23. f3 Nc4 24. Qc1 g5 25. Nh5 Qc3 26. Bg1 Qxc1 27. Rxc1 Be6 28.
Nxg7 Kxg7 29. fxe4 fxe4 30. a4 b6 31. Ba2 Rxf1 32. Rxf1 Nb2 33. Bb3 bxc5 34.
bxc5 Nd3 35. Bh2 Nxc5 36. Be5+ Kh7 37. Bc2 Nd7 38. Bd4 c5 39. Bc3 Rc8 40. Kg1
Kg8 41. Rf2 Rf8 42. Rxf8+ Kxf8 43. Kf2 Kf7 44. a5 Bf5 45. Bb3 Ke6 46. g4 Bg6
47. Kg3 Ne5 48. Kf2 Be8 49. Kg3 Bb5 50. h4 Be2 51. hxg5 hxg5 52. Bxe5 Kxe5 53.
Bc2 d4 0-1

[Event "4NCL/Div4/SXM vs. PONTY"]
[Site "West Bromwich ENG"]
[Date "2003.11.23"]
[Round "2.6"]
[White "Ley, Cyril J"]
[Black "Fraser, Nick"]
[Result "1-0"]
[WhiteElo "1838"]
[BlackElo "1064"]
[PlyCount "39"]
[EventDate "2003.11.23"]

1. d4 d5 2. Nf3 Nf6 3. Bf4 g6 4. e3 Bg7 5. Bd3 Nc6 6. c3 Bd7 7. Nbd2 O-O 8. e4
Be6 9. e5 Nd7 10. Ng5 h6 11. Nxe6 fxe6 12. Qg4 g5 13. Qxe6+ Kh8 14. Qg6 Kg8 15.
Qh7+ Kf7 16. Bg6+ Ke6 17. Qxg7 gxf4 18. Qxh6 a5 19. Qh3+ Rf5 20. Qxf5# 1-0

[Event "4NCL/Div4/SLO3 vs. OXF1"]
[Site "West Bromwich ENG"]
[Date "2004.01.24"]
[Round "3.1"]
[White "Payne, Nick"]
[Black "Smallbone, Kieran"]
[Result "1/2-1/2"]
[WhiteElo "2088"]
[BlackElo "2147"]
[PlyCount "27"]
[EventDate "2004.01.24"]

1. e4 c6 2. d4 d5 3. e5 c5 4. c3 Nc6 5. h3 Bf5 6. Bd3 Bxd3 7. Qxd3 e6 8. Ne2
Rc8 9. Be3 Qb6 10. b3 cxd4 11. Bxd4 Qc7 12. O-O Nge7 13. f4 Nxd4 14. cxd4
1/2-1/2

[Event "4NCL/Div4/SLO3 vs. OXF1"]
[Site "West Bromwich ENG"]
[Date "2004.01.24"]
[Round "3.2"]
[White "Coleman, James"]
[Black "McGowan, Daniel"]
[Result "1/2-1/2"]
[WhiteElo "2193"]
[BlackElo "2053"]
[PlyCount "81"]
[EventDate "2004.01.24"]

1. d4 e6 2. Nf3 Nf6 3. c3 b6 4. Bg5 Bb7 5. Nbd2 Be7 6. e3 Ne4 7. Bxe7 Qxe7 8.
Bd3 Nxd2 9. Qxd2 d5 10. Qc2 h6 11. Ne5 O-O 12. f4 c5 13. O-O Nd7 14. Kh1 Nxe5
15. fxe5 f6 16. exf6 Rxf6 17. Rxf6 Qxf6 18. Rf1 Qe7 19. Qf2 Bc6 20. Qf4 Re8 21.
Bg6 Rd8 22. Qe5 Be8 23. Bd3 Qd6 24. Qxd6 Rxd6 25. Kg1 Rd8 26. Kf2 Rd7 27. Kg3
Rf7 28. Rxf7 Kxf7 29. Kf4 Kf6 30. e4 dxe4 31. Bxe4 cxd4 32. cxd4 Bb5 33. g3 Bc4
34. a3 Bb3 35. Ke3 e5 36. Bf3 exd4+ 37. Kxd4 Ke6 38. Bg4+ Kd6 39. h4 Bd5 40.
Bc8 Bg2 41. Bf5 1/2-1/2

[Event "4NCL/Div4/SLO3 vs. OXF1"]
[Site "West Bromwich ENG"]
[Date "2004.01.24"]
[Round "3.3"]
[White "Tweedie, Chris"]
[Black "Ozeren, Kemal"]
[Result "1/2-1/2"]
[WhiteElo "2039"]
[BlackElo "2226"]
[PlyCount "45"]
[EventDate "2004.01.24"]

1. e4 c6 2. d4 d5 3. exd5 cxd5 4. Bd3 Nc6 5. c3 Nf6 6. Nf3 Bg4 7. O-O e6 8.
Nbd2 Be7 9. Re1 O-O 10. Nf1 Qc7 11. Bg5 Bh5 12. Ng3 Bg6 13. Bxg6 hxg6 14. Qe2
a6 15. Qe3 b5 16. Bf4 Bd6 17. Bxd6 Qxd6 18. b4 Nd7 19. Nf1 a5 20. a3 Rfc8 21.
N1d2 a4 22. Rac1 Re8 23. Qd3 1/2-1/2

[Event "4NCL/Div4/SLO3 vs. OXF1"]
[Site "West Bromwich ENG"]
[Date "2004.01.24"]
[Round "3.4"]
[White "Savage, Ben D"]
[Black "Payne, Oliver R"]
[Result "1-0"]
[WhiteElo "2208"]
[BlackElo "2033"]
[PlyCount "95"]
[EventDate "2004.01.24"]

1. d4 Nf6 2. Bg5 g6 3. Bxf6 exf6 4. e3 Bg7 5. g3 d6 6. Bg2 c6 7. Ne2 O-O 8. Nd2
Nd7 9. c4 f5 10. b4 Qc7 11. Rc1 Nf6 12. Nc3 Bd7 13. Nb3 Rfe8 14. Qd3 Rad8 15.
O-O Bf8 16. d5 b6 17. dxc6 Bxc6 18. Bxc6 Qxc6 19. Nd5 Nxd5 20. cxd5 Qa4 21. Nd4
Bg7 22. Nc6 Rd7 23. Rc2 h5 24. Rb1 a6 25. Rb3 Qb5 26. Qxb5 axb5 27. Ra3 Re4 28.
Ra8+ Kh7 29. Rb8 Rc4 30. Re2 Rc1+ 31. Kg2 Rd1 32. Rxb6 Rxd5 33. f3 Rc7 34. Rc2
Rd3 35. Rxb5 Rxe3 36. a4 Rc3 37. Rxc3 Bxc3 38. Rb6 d5 39. Kf1 d4 40. Ke2 Rc8
41. Kd3 Bb2 42. Kc4 g5 43. a5 f4 44. gxf4 gxf4 45. a6 Bc1 46. a7 d3 47. Kxd3
Be3 48. Rb8 1-0

[Event "4NCL/Div4/SLO3 vs. OXF1"]
[Site "West Bromwich ENG"]
[Date "2004.01.24"]
[Round "3.5"]
[White "McCarthy, Kevin C"]
[Black "Rawlinson, Aidan"]
[Result "1/2-1/2"]
[WhiteElo "1920"]
[BlackElo "2056"]
[PlyCount "42"]
[EventDate "2004.01.24"]

1. d4 f5 2. Nc3 d5 3. g3 c6 4. Bg2 Be6 5. Nf3 Nf6 6. Bg5 Nbd7 7. Bxf6 exf6 8.
a3 a5 9. e3 Bd6 10. Nd2 O-O 11. h4 Re8 12. Bh3 Qc7 13. Qf3 f4 14. gxf4 Bxf4 15.
O-O-O Bh6 16. Rdg1 Kh8 17. Bxe6 Rxe6 18. Qg3 Qxg3 19. Rxg3 b5 20. b3 Kg8 21.
Kb2 Kf7 1/2-1/2

[Event "4NCL/Div4/SLO3 vs. OXF1"]
[Site "West Bromwich ENG"]
[Date "2004.01.24"]
[Round "3.6"]
[White "Gunlycke, Daniel"]
[Black "Russant, Stuart"]
[Result "1-0"]
[WhiteElo "1976"]
[BlackElo "1208"]
[PlyCount "47"]
[EventDate "2004.01.24"]

1. e4 d6 2. d4 Nf6 3. Nc3 c6 4. Nf3 Bg4 5. Be2 e6 6. O-O Be7 7. Bg5 Nxe4 8.
Nxe4 Bxf3 9. Bxe7 Bxe2 10. Bxd8 Bxd1 11. Nxd6+ Kd7 12. Nxf7 Be2 13. Rfe1 Rf8
14. Ne5+ Kxd8 15. Rxe2 Nd7 16. Rae1 Rf6 17. Nf3 Nf8 18. Ng5 Kd7 19. Ne4 Rg6 20.
Nc5+ Ke7 21. Nxb7 Rb8 22. Na5 Rxb2 23. Nxc6+ Kd6 24. Ne5 1-0

[Event "4NCL/Div4/HKF2 vs. MIN2"]
[Site "West Bromwich ENG"]
[Date "2004.01.24"]
[Round "3.1"]
[White "Fowler, Simon"]
[Black "Stirling, William J"]
[Result "1-0"]
[WhiteElo "2119"]
[BlackElo "2141"]
[PlyCount "97"]
[EventDate "2004.01.24"]

1. d4 Nf6 2. Bg5 d5 3. Bxf6 exf6 4. e3 Bd6 5. g3 O-O 6. Bg2 c6 7. Ne2 f5 8. O-O
Nd7 9. b3 Nf6 10. c4 dxc4 11. bxc4 Be6 12. Qd3 Ne4 13. Nbc3 Nxc3 14. Nxc3 Qa5
15. Rfc1 Bb4 16. a3 Bxc3 17. Qxc3 Qxc3 18. Rxc3 Rfd8 19. Rb1 Rd7 20. Rcb3 Bxc4
21. Rxb7 Rxb7 22. Rxb7 Bd5 23. Bxd5 cxd5 24. Rd7 g6 25. Rxd5 Kg7 26. Ra5 Kf6
27. Ra6+ Ke7 28. Kg2 Kd7 29. Kf3 Kc7 30. Kf4 Kb7 31. Rf6 Rc8 32. Rxf7+ Kb6 33.
Rxh7 Rc3 34. a4 Ra3 35. Rh6 Rxa4 36. Rxg6+ Kb5 37. h4 Ra2 38. f3 a5 39. Rg8 a4
40. Ra8 Kb4 41. Kxf5 Rf2 42. Kg4 a3 43. h5 Kb3 44. h6 Rh2 45. Kg5 Rh3 46. g4 a2
47. Kg6 Rxf3 48. h7 Rh3 49. Kg7 1-0

[Event "4NCL/Div4/HKF2 vs. MIN2"]
[Site "West Bromwich ENG"]
[Date "2004.01.24"]
[Round "3.2"]
[White "Hardman, Michael J"]
[Black "Pym, Thomas W"]
[Result "0-1"]
[WhiteElo "2107"]
[BlackElo "2048"]
[PlyCount "108"]
[EventDate "2004.01.24"]

1. e4 c5 2. Nf3 d6 3. d4 cxd4 4. Nxd4 Nf6 5. Nc3 g6 6. Be3 Bg7 7. f3 O-O 8. Qd2
Nc6 9. Bc4 Bd7 10. O-O-O Ne5 11. Bb3 Qa5 12. h4 Rfc8 13. h5 Nxh5 14. g4 Nf6 15.
Bh6 Bxh6 16. Qxh6 Rxc3 17. bxc3 Qxc3 18. Kb1 Rc8 19. Qd2 Qc5 20. g5 Nh5 21. f4
Nc4 22. Bxc4 Qxc4 23. f5 Rc5 24. Rh3 a5 25. Rf3 a4 26. a3 e5 27. fxe6 fxe6 28.
Qf2 Rc8 29. Qe2 e5 30. Qxc4+ Rxc4 31. Ne2 Bg4 32. Re3 Nf4 33. Re1 Nxe2 34.
R1xe2 Bxe2 35. Rxe2 h6 36. gxh6 Kh7 37. Rd2 Rxe4 38. Rxd6 Kxh6 39. Rb6 Rd4 40.
Rxb7 e4 41. Re7 Kg5 42. c3 Rc4 43. Kc2 Kf4 44. Rf7+ Ke3 45. Rg7 Rc6 46. Ra7 g5
47. Rg7 Rc5 48. Rg8 Ke2 49. Ra8 g4 50. Rxa4 Re5 51. Rd4 g3 52. a4 g2 53. Rd2+
Kf3 54. Rd1 e3 0-1

[Event "4NCL/Div4/HKF2 vs. MIN2"]
[Site "West Bromwich ENG"]
[Date "2004.01.24"]
[Round "3.3"]
[White "Forman, Karl L"]
[Black "Parker, Robert"]
[Result "1-0"]
[WhiteElo "2028"]
[BlackElo "2105"]
[PlyCount "53"]
[EventDate "2004.01.24"]

1. e4 e5 2. f4 exf4 3. Nf3 h6 4. d4 g5 5. Bc4 d6 6. Nc3 Bg7 7. O-O Nc6 8. Ne2
Qe7 9. c3 Bd7 10. g3 O-O-O 11. gxf4 gxf4 12. Nxf4 Qxe4 13. Bxf7 Nge7 14. Qe2
Qxe2 15. Nxe2 Rdf8 16. Nh4 Rh7 17. Bh5 Bf6 18. Ng3 Rhh8 19. Ng2 Bg7 20. Bd2 Nd5
21. Rf7 Rxf7 22. Bxf7 Nf6 23. Rf1 Nd8 24. Bb3 Ne6 25. Nh4 Nh7 26. Nhf5 Nhg5 27.
h4 1-0

[Event "4NCL/Div4/HKF2 vs. MIN2"]
[Site "West Bromwich ENG"]
[Date "2004.01.24"]
[Round "3.4"]
[White "Horton, Justin"]
[Black "Dasaolu, Adeoyo"]
[Result "0-1"]
[WhiteElo "2032"]
[BlackElo "1920"]
[PlyCount "78"]
[EventDate "2004.01.24"]

1. d4 Nf6 2. Nf3 c5 3. d5 b5 4. Bg5 Ne4 5. Bf4 Qa5+ 6. c3 d6 7. Nbd2 Nxd2 8.
Nxd2 h6 9. e4 g5 10. Bg3 Bg7 11. a4 b4 12. Bb5+ Bd7 13. Nc4 Qc7 14. e5 dxe5 15.
d6 Qb7 16. O-O e6 17. cxb4 cxb4 18. Nxe5 Bxb5 19. axb5 Nd7 20. Nc6 Qxb5 21.
Nxa7 Qb7 22. Nb5 Rxa1 23. Nc7+ Kd8 24. Qxa1 Nb8 25. Qa5 Kd7 26. Na8 Bd4 27.
Qa4+ Nc6 28. Nc7 Bxb2 29. Qc2 Bd4 30. Nxe6 fxe6 31. Qg6 Nd8 32. Rd1 Qd5 33. Qd3
e5 34. Qa6 Qb7 35. Qc4 Ne6 36. Rb1 Rc8 37. Qd3 Kxd6 38. Ra1 b3 39. Ra6+ Rc6 0-1

[Event "4NCL/Div4/HKF2 vs. MIN2"]
[Site "West Bromwich ENG"]
[Date "2004.01.24"]
[Round "3.5"]
[White "Odunaiya, Victor"]
[Black "Twitchell, Neville H"]
[Result "1/2-1/2"]
[WhiteElo "1848"]
[BlackElo "2023"]
[PlyCount "114"]
[EventDate "2004.01.24"]

1. e4 c5 2. Nf3 d6 3. d4 cxd4 4. Nxd4 Nf6 5. Nc3 a6 6. a4 e5 7. Nb3 Be6 8. Be2
Be7 9. Be3 O-O 10. O-O Nbd7 11. f4 exf4 12. Rxf4 Ne5 13. Nd4 Rc8 14. Nf5 Ng6
15. Nxe7+ Qxe7 16. Rf1 Rxc3 17. bxc3 Nxe4 18. Qd4 f5 19. Rad1 Rc8 20. c4 Ne5
21. Bf4 Nxc4 22. Bd3 d5 23. Rb1 Ncd2 24. Bxe4 Nxb1 25. Bxd5 Nc3 26. Bxe6+ Qxe6
27. Kh1 Ne2 28. Qd2 Nxf4 29. Qxf4 Rxc2 30. h3 h6 31. Qb8+ Qc8 32. Qxc8+ Rxc8
33. Rxf5 Rc4 34. a5 Rb4 35. Rc5 Kf7 36. Kh2 Rb3 37. Kg1 Rb2 38. Kh2 Kf6 39. Kg3
g6 40. Kf3 Ke6 41. Rc3 Rb5 42. Ra3 Kf5 43. g4+ Kf6 44. h4 Ke6 45. Ke4 Rb4+ 46.
Kf3 Kd5 47. Rd3+ Kc6 48. Re3 Rd4 49. Rb3 Kc7 50. Rc3+ Kd7 51. Rb3 Kc8 52. Rb6
g5 53. Rxh6 Rd5 54. h5 Rxa5 55. Rg6 Ra3+ 56. Kg2 Ra2+ 57. Kg3 Ra3+ 1/2-1/2

[Event "4NCL/Div4/HKF2 vs. MIN2"]
[Site "West Bromwich ENG"]
[Date "2004.01.24"]
[Round "3.6"]
[White "Hawkins, J Nick"]
[Black "James, Stephen B"]
[Result "0-1"]
[WhiteElo "2052"]
[BlackElo "1880"]
[PlyCount "82"]
[EventDate "2004.01.24"]

1. Nf3 Nf6 2. d4 g6 3. Nc3 d5 4. Bf4 Bg7 5. e3 O-O 6. h3 c5 7. Be2 cxd4 8. exd4
Nc6 9. Ne5 Nxe5 10. Bxe5 Qa5 11. O-O Bf5 12. g4 Bd7 13. Bf3 e6 14. Re1 Rac8 15.
Re3 b5 16. a3 Qb6 17. Ne2 a5 18. Ng3 b4 19. a4 Qb7 20. Qd2 Rc6 21. Be2 Rfc8 22.
Bd3 Rd8 23. b3 Rc3 24. Rae1 Qa7 25. Rf3 Ne8 26. Bxg7 Kxg7 27. Qf4 Bc8 28. Nh5+
Kg8 29. Re5 Qe7 30. Qh6 Ba6 31. Rf6 Bxd3 32. cxd3 Rxd3 33. Rg5 Rxh3 34. Rfxg6+
fxg6 35. Rxg6+ hxg6 36. Qxg6+ Ng7 37. Nf6+ Kh8 38. Kg2 Rh4 39. g5 Rf8 40. Kg3
Rh1 41. Kg2 Rh4 0-1

[Event "4NCL/Div4/PPA2 vs. CAMB"]
[Site "West Bromwich ENG"]
[Date "2004.01.24"]
[Round "3.1"]
[White "Winfridsson, Håkan"]
[Black "Moskovic, David M"]
[Result "0-1"]
[WhiteElo "2175"]
[BlackElo "2274"]
[PlyCount "40"]
[EventDate "2004.01.24"]

1. e4 c5 2. Nf3 e6 3. d4 cxd4 4. Nxd4 Qb6 5. Nb3 Qc7 6. Bd3 Nf6 7. Nc3 a6 8. f4
b5 9. Qf3 Bb7 10. Bd2 d6 11. O-O-O Nc6 12. g4 Nd7 13. Rhe1 Nb6 14. Be3 Na4 15.
Nd5 exd5 16. exd5 Ne7 17. f5 Bxd5 18. Bxb5+ axb5 19. Rxd5 Qb7 20. Bd4 O-O-O 0-1

[Event "4NCL/Div4/PPA2 vs. CAMB"]
[Site "West Bromwich ENG"]
[Date "2004.01.24"]
[Round "3.2"]
[White "Churm, Rohan M"]
[Black "Goodger, Martyn"]
[Result "1/2-1/2"]
[WhiteElo "2172"]
[BlackElo "2138"]
[PlyCount "72"]
[EventDate "2004.01.24"]

1. e4 e5 2. Nf3 Nf6 3. Nxe5 d6 4. Nf3 Nxe4 5. d3 Nf6 6. d4 d5 7. c4 c6 8. Nc3
Be7 9. Bd3 dxc4 10. Bxc4 O-O 11. O-O Nbd7 12. h3 Nb6 13. Bd3 Nbd5 14. Bg5 Be6
15. Qd2 Qd6 16. Rad1 Rad8 17. Bb1 Rfe8 18. a3 Nxc3 19. Qxc3 Bd5 20. Rfe1 g6 21.
Qe3 Bf8 22. Ne5 Bg7 23. Qd2 Re6 24. Bc2 Rde8 25. Qa5 Nd7 26. Nxd7 Rxe1+ 27.
Rxe1 Rxe1+ 28. Qxe1 Qxd7 29. Be3 Qe7 30. Qa5 a6 31. Bd3 h5 32. Qb6 Bf6 33. Qa7
Qd7 34. Bxa6 Bxg2 35. Kxg2 Qd5+ 36. Kg1 bxa6 1/2-1/2

[Event "4NCL/Div4/PPA2 vs. CAMB"]
[Site "West Bromwich ENG"]
[Date "2004.01.24"]
[Round "3.3"]
[White "Day, Tom W"]
[Black "Garner, David"]
[Result "0-1"]
[WhiteElo "2134"]
[BlackElo "2168"]
[PlyCount "78"]
[EventDate "2004.01.24"]

1. e4 e6 2. d4 d5 3. Nc3 Bb4 4. a3 Bxc3+ 5. bxc3 dxe4 6. Qg4 Nf6 7. Qxg7 Rg8 8.
Qh6 Nbd7 9. g3 b6 10. Bg2 Bb7 11. Nh3 c5 12. O-O Qe7 13. Re1 O-O-O 14. a4 e5
15. Ba3 Rg6 16. Qe3 Ng4 17. Qe2 f5 18. a5 Ngf6 19. axb6 axb6 20. dxc5 Nxc5 21.
Bxc5 Qxc5 22. Ra4 Kb8 23. Rea1 Nd5 24. Qh5 Nxc3 25. Ra7 Rgd6 26. Bf1 Rd1 27.
Qxh7 Qc6 28. Rxb7+ Qxb7 29. Qxb7+ Kxb7 30. Rxd1 Rxd1 31. Kg2 Rd2 32. Kg1 Rxc2
33. Ng5 f4 34. gxf4 exf4 35. h4 e3 36. Bg2+ Kc7 37. fxe3 fxe3 38. Nf3 Rc1+ 39.
Kh2 e2 0-1

[Event "4NCL/Div4/PPA2 vs. CAMB"]
[Site "West Bromwich ENG"]
[Date "2004.01.24"]
[Round "3.4"]
[White "Valden, Petros"]
[Black "Winfridsson, Ola"]
[Result "1-0"]
[WhiteElo "2162"]
[BlackElo "2057"]
[PlyCount "73"]
[EventDate "2004.01.24"]

1. c4 e6 2. Nc3 Bb4 3. g3 Nf6 4. Bg2 c5 5. Nf3 Nc6 6. O-O O-O 7. d3 d6 8. Bd2
e5 9. a3 Ba5 10. Nd5 Bxd2 11. Nxd2 Nxd5 12. cxd5 Ne7 13. b4 b6 14. bxc5 bxc5
15. Rb1 Bg4 16. Re1 Qd7 17. Qb3 Bh3 18. Bf3 Bg4 19. Bxg4 Qxg4 20. Qc4 Qd4 21.
e4 f5 22. Qxd4 exd4 23. Rb7 Rae8 24. Rxa7 Nxd5 25. Rb1 fxe4 26. dxe4 Re7 27.
Rxe7 Nxe7 28. Rb7 Kf7 29. f4 Rd8 30. Nc4 d5 31. Ne5+ Ke8 32. Rxe7+ Kxe7 33.
Nc6+ Kd7 34. Nxd8 Kxd8 35. e5 c4 36. Kf2 Kd7 37. Ke2 1-0

[Event "4NCL/Div4/PPA2 vs. CAMB"]
[Site "West Bromwich ENG"]
[Date "2004.01.24"]
[Round "3.5"]
[White "Retallick, Lloyd"]
[Black "Low, Ying-Ming"]
[Result "1-0"]
[WhiteElo "1952"]
[BlackElo "2057"]
[PlyCount "107"]
[EventDate "2004.01.24"]

1. d4 Nf6 2. c4 e6 3. Nc3 Bb4 4. Qc2 O-O 5. a3 Bxc3+ 6. Qxc3 b6 7. Bg5 Bb7 8.
e3 d6 9. f3 Nbd7 10. Nh3 h6 11. Bh4 c5 12. dxc5 dxc5 13. Nf2 Qc7 14. Be2 e5 15.
O-O e4 16. Ng4 Nxg4 17. fxg4 Qe5 18. Qxe5 Nxe5 19. Rad1 Ng6 20. Bg3 Rfd8 21.
Rxd8+ Rxd8 22. Rd1 Rxd1+ 23. Bxd1 Bc6 24. Be2 Nf8 25. Bd6 a5 26. Bc7 Nd7 27.
Bd8 g6 28. g5 hxg5 29. Bxg5 f6 30. Bf4 a4 31. Bc7 Bb7 32. Bg4 f5 33. Bd1 Bc6
34. Kf2 b5 35. cxb5 Bxb5 36. g4 fxg4 37. Bxg4 Kf7 38. Bd6 Kf6 39. Kg3 Ne5 40.
Bxe5+ Kxe5 41. h4 Bc6 42. Bc8 Bb5 43. Bb7 Bd7 44. Ba8 Kf5 45. Bd5 Ke5 46. Bc4
Kf5 47. Bf1 Ke5 48. Be2 Be8 49. Kg4 Bd7+ 50. Kg5 Be8 51. Bc4 Kd6 52. Kf6 Kc7
53. Ke5 Bc6 54. Bf7 1-0

[Event "4NCL/Div4/PPA2 vs. CAMB"]
[Site "West Bromwich ENG"]
[Date "2004.01.24"]
[Round "3.6"]
[White "Jones, Richard M"]
[Black "Quintana, Marcos I"]
[Result "1/2-1/2"]
[WhiteElo "2063"]
[BlackElo "1760"]
[PlyCount "90"]
[EventDate "2004.01.24"]

1. e4 e6 2. d4 d5 3. Nd2 c5 4. dxc5 Bxc5 5. Bd3 Nf6 6. Ngf3 dxe4 7. Bxe4 Nxe4
8. Nxe4 Qxd1+ 9. Kxd1 Be7 10. Be3 Nd7 11. Ke2 Nf6 12. Nfd2 b6 13. c4 Bb7 14. f3
Rc8 15. Rac1 O-O 16. Bg5 Rfe8 17. Nxf6+ gxf6 18. Be3 f5 19. Rhd1 Bf6 20. b3 e5
21. Nb1 Red8 22. Nc3 Rxd1 23. Rxd1 Rd8 24. Rxd8+ Bxd8 25. Nb5 f4 26. Bf2 a5 27.
Kd3 Kf8 28. Nd6 Bc6 29. a4 Be7 30. Nc8 Bc5 31. Bxc5+ bxc5 32. Na7 Bb7 33. Nb5
Ke7 34. Nc3 f5 35. Ne2 Kf6 36. Nc3 h5 37. Nb5 h4 38. h3 e4+ 39. Ke2 Ke5 40. Nc7
Bc6 41. Nb5 Be8 42. Nc7 Bh5 43. Nb5 Bf7 44. Nc3 e3 45. Kd3 Be6 1/2-1/2

[Event "4NCL/Div4/CHED vs. BRJ"]
[Site "West Bromwich ENG"]
[Date "2004.01.24"]
[Round "3.1"]
[White "Smith, Alan A"]
[Black "Richmond, Peter A"]
[Result "1-0"]
[WhiteElo "2251"]
[BlackElo "2251"]
[PlyCount "51"]
[EventDate "2004.01.24"]

1. e4 c5 2. Nf3 e6 3. Nc3 Nc6 4. Bb5 Nd4 5. O-O a6 6. Bd3 b5 7. Nxd4 cxd4 8.
Ne2 e5 9. a4 Bb7 10. f4 d5 11. Ng3 f5 12. axb5 fxe4 13. Qh5+ Kd7 14. Be2 exf4
15. bxa6 Nf6 16. Qf5+ Kc7 17. d3 fxg3 18. axb7 gxh2+ 19. Kh1 Rxa1 20. Bf4+ Bd6
21. Rxa1 Kxb7 22. dxe4 Bxf4 23. Qxf4 dxe4 24. Qe5 Qb6 25. Ba6+ Kc6 26. Ra4 1-0

[Event "4NCL/Div4/CHED vs. BRJ"]
[Site "West Bromwich ENG"]
[Date "2004.01.24"]
[Round "3.2"]
[White "Haydon, Richard"]
[Black "Gorka, Carl"]
[Result "1-0"]
[WhiteElo "2197"]
[BlackElo "2112"]
[PlyCount "68"]
[EventDate "2004.01.24"]

1. Nf3 d5 2. g3 Bg4 3. Bg2 Nf6 4. O-O c6 5. b3 Nbd7 6. Bb2 e6 7. d3 Be7 8. Nbd2
O-O 9. e4 dxe4 10. dxe4 Qc7 11. Qe1 Rfd8 12. Nc4 Bh5 13. a4 Nc5 14. Nfe5 b5 15.
Na5 Rd6 16. Nxf7 Rd1 17. Rxd1 Bxd1 18. Nxc6 Qxc6 19. axb5 Qxb5 20. Qxd1 Kxf7
21. e5 Rd8 22. Qf3 Nce4 23. exf6 Nd2 24. Qg4 gxf6 25. Re1 Qb6 26. Bh3 Qc6 27.
Qxe6+ Qxe6 28. Bxe6+ Kg6 29. Kg2 Bc5 30. g4 Bd4 31. Bf5+ Kf7 32. Bxd4 Rxd4 33.
Ra1 h5 34. Rxa7+ Kf8 1-0

[Event "4NCL/Div4/CHED vs. BRJ"]
[Site "West Bromwich ENG"]
[Date "2004.01.24"]
[Round "3.3"]
[White "Richardson, Alex"]
[Black "Richmond, Jane"]
[Result "0-1"]
[WhiteElo "2091"]
[BlackElo "2161"]
[PlyCount "54"]
[EventDate "2004.01.24"]

1. Nf3 Nf6 2. g3 Nc6 3. c4 e5 4. Nc3 d6 5. d4 Bg4 6. d5 Bxf3 7. exf3 Nd4 8. Bh3
g6 9. f4 Bg7 10. fxe5 dxe5 11. Qa4+ c6 12. dxc6 bxc6 13. Be3 O-O 14. O-O-O Qb6
15. Rd2 Rab8 16. Rhd1 Rfd8 17. Bg5 h6 18. Be3 Nd7 19. Bxd7 Rxd7 20. Ne2 Qc5 21.
b3 a5 22. Bxd4 exd4 23. Nf4 d3 24. Rxd3 Qxf2 25. R3d2 Qe3 26. Ne2 Bc3 27. Qxc6
Rxd2 0-1

[Event "4NCL/Div4/CHED vs. BRJ"]
[Site "West Bromwich ENG"]
[Date "2004.01.24"]
[Round "3.4"]
[White "Bareham, David"]
[Black "Buxton, David E"]
[Result "1/2-1/2"]
[WhiteElo "2104"]
[BlackElo "2024"]
[PlyCount "88"]
[EventDate "2004.01.24"]

1. e4 e6 2. d4 d5 3. Nc3 Nf6 4. Bg5 Bb4 5. e5 h6 6. Bd2 Bxc3 7. bxc3 Ne4 8. Qg4
g6 9. Bd3 Nxd2 10. Kxd2 c5 11. Nf3 Nc6 12. dxc5 Qe7 13. Qf4 Qxc5 14. Nd4 a6 15.
h4 h5 16. Rh3 Bd7 17. Rf3 O-O-O 18. Nxc6 Bxc6 19. Qd4 Qe7 20. Rb1 Rhf8 21. Rb6
Qc7 22. Rf4 Kd7 23. Rf3 Kc8 24. Re3 f6 25. exf6 e5 26. Rxe5 Rxf6 27. f3 Rdf8
28. Re2 Rd8 29. Rb1 Rf4 30. Qf2 d4 31. cxd4 Qa5+ 32. Kc1 Rfxd4 33. Rb2 Qc3 34.
Rb3 Qa1+ 35. Kd2 Qxa2 36. Rc3 Rxd3+ 37. Rxd3 Rxd3+ 38. Kxd3 Bb5+ 39. Kd2 Qa5+
40. Kc1 Qa3+ 41. Kb1 Qb4+ 42. Kc1 Bxe2 43. Qxe2 Qf4+ 44. Kb1 Qb4+ 1/2-1/2

[Event "4NCL/Div4/CHED vs. BRJ"]
[Site "West Bromwich ENG"]
[Date "2004.01.24"]
[Round "3.5"]
[White "Alderson, Michael J"]
[Black "Bourne, Johnathan"]
[Result "0-1"]
[WhiteElo "1960"]
[BlackElo "2032"]
[PlyCount "80"]
[EventDate "2004.01.24"]

1. Nf3 Nf6 2. d4 g6 3. Bf4 d6 4. e3 Bg7 5. h3 O-O 6. Nbd2 Nbd7 7. Be2 Re8 8.
Bh2 e5 9. O-O h6 10. c4 c6 11. Rc1 b6 12. Nb3 c5 13. dxe5 dxe5 14. Nxe5 Bb7 15.
Bf3 Bxf3 16. Nxf3 Ne4 17. Rc2 Qe7 18. Qe2 f5 19. Rd1 Ndf6 20. Nbd2 Rad8 21.
Nxe4 Nxe4 22. Rcc1 Kh7 23. Rd5 Rxd5 24. cxd5 Qf6 25. b3 Nc3 26. Qd3 Nxa2 27.
Rd1 Nb4 28. Qb5 Rd8 29. d6 Qe6 30. Qc4 Qxc4 31. bxc4 Rd7 32. Be5 Nc6 33. Bg3
Na5 34. Ne5 Bxe5 35. Bxe5 Nxc4 36. Bf4 g5 37. Bg3 Kg6 38. Rc1 Na5 39. Ra1 Kf7
40. Kf1 Ke6 0-1